000
00292nam a22001337a 4500
008
170419b xxu||||| |||| 00| 0 eng d
020
_a
9780716733614
041
_a
eng
080
_a
573
100
_a
11
101
_a
SHM
245
_a
CHEMICAL PRINCIPLES
_c
WHITMIRE, K.H
942
_2
udc
_c
BK
999
_c
11308
_d
11308